Normal view MARC view
  • Desarrollo sustentable

Entry Materia

Number of records used in: 121

001 - NÚMERO DE CONTROL DEL REGISTRO

  • campo de control: 4974

003 - IDENTIFICADOR DE NUMERO DE CONTROL

  • campo de control: UPN

005 - FECHA Y HORA DE LA ÚLTIMA TRANSACCIÓN

  • campo de control: 20221125095403.0

008 - DATOS DE LONGITUD FIJA

  • campo de control de longitud fija: 221125n||acnnnbabn a ana |d

035 ## - NÚMERO DE CONTROL DEL SISTEMA

  • Número de control del sistema: UPN10000004974

040 ## - FUENTE DE LA CATALOGACIÓN

  • Lengua de catalogación: SPA
  • Agencia de transcripción: UPN
  • Centro catalogador de origen: MX-MxUPN

046 ## - FECHAS CON CODIFICACIÓN ESPECIAL

  • Fecha final para contenidos agregados: 2022

053 #4 - NÚMERO CLASIFICADOR - BIBLIOTECA DEL CONGRESO (LC)

  • Elemento numérico de la clasificación - Número único o no. inicial del rango: HC79 E5

150 ## - ENCABEZAMIENTO - TEMÁTICO

  • Término de materia o nombre geográfico como elemento inicial: Desarrollo sustentable

450 ## - VÉASE - MATERIA

  • Encabezamiento temático: Desarrollo sostenible

670 ## - FUENTE EN LA QUE SE LOCALIZARON DATOS

  • Cita de la fuente: LC
  • Información localizada: Sustainable development (May subd. geog.)

902 ## - CATALOGADOR

  • Catalogador: LG/100300